000 00358nam a2200145Ia 4500
005 20250729165806.0
008 250729s2016 xx 000 0 und d
041 _aeng
082 _a540 RAJB
100 _aRajendra K
_9233119
245 _aBiology Ist P U C
260 _aMangalore
_bBoscoss Publication
_c2016
300 _a89p
650 _aBiology
_9233120
999 _c240122
_d240122